Beautiful People - Ed Sheeran Feat. Khalid - All Lyrics - Statistics

General Stats
  • This quiz has been taken 65 times
  • The average score is 267 of 342
Answer Stats
Answer % Correct
a
100%
Beautiful
100%
beautiful
100%
(Beautiful)
100%
beautiful,
100%
are,
98%
are
98%
are)
98%
I
98%
We
98%
we
98%
(We
98%
do?"
95%
"Who
95%
who
95%
no
93%
people
93%
and
91%
And
91%
in
91%
know
91%
know?"
91%
not
91%
the
91%
The
91%
clothes
89%
designer
89%
L.A.
89%
L.A.,
89%
d'you
84%
fashion
84%
shows
84%
that
84%
You
84%
you,
84%
of
82%
to
82%
what
82%
"What
82%
don't
80%
out
80%
party
80%
so
80%
this
80%
This
80%
fit
77%
is
77%
just
77%
That's
77%
that's
77%
for
75%
on
75%
on,
75%
yeah
75%
Yeah,
75%
all
73%
(All
73%
Inside
73%
night
73%
night)
73%
rolled-up
73%
summer
73%
become
70%
could
70%
Front
70%
Me
70%
my
70%
only
70%
row
70%
some
70%
use
70%
well
70%
well,
70%
with
70%
at
68%
but
68%
'cause
68%
'Cause
68%
conversation,
68%
fear:
68%
gettin'
68%
help
68%
here)
68%
here
68%
look
68%
ourselves
68%
Saturday
68%
stunning,
68%
they
68%
We're
68%
we're
68%
when
68%
ask
66%
come
66%
love
66%
question
66%
up
66%
your
66%
dear,
64%
I'm
64%
it
64%
mmm
64%
one
64%
('Round
64%
there
64%
top,
64%
world
64%
you're
64%
about
61%
downtown
59%
Drop
59%
everything
59%
figure
59%
middle
59%
party's
59%
still
59%
tryna
59%
alone
57%
Let's
57%
see
57%
wanna
57%
arms
55%
around
55%
by
55%
care
55%
Everybody's
55%
headin'
55%
Lamborghinis
55%
leave
55%
lookin'
55%
made
55%
hours
52%
Hummers
52%
nowhere
52%
(Nowhere,
52%
nowhere)
52%
Surrounded,
52%
broken
50%
cameras
50%
need
50%
stars
50%
they're
50%
eyes
48%
last
48%
lights
48%
there's
48%
flashin'
45%
halfway
45%
homes
45%
Champagne
43%
Prenups
43%
Sundown
43%
their
43%
Drove
39%
fazed
39%
notes
39%
rented
36%
them
30%
No matching quizzes found
Score Distribution
Percent of People with Each Score
Percentile by Number Answered
Your Score History
You have not taken this quiz